02175nam a2200349 4500003000900000005001700009008004100026017001300067020001800080040004600098041000800144082002800152092000700180099003600187100003500223245048100258264006500739300002900804336002200833337002400855338003300879504010800912546011601020650004101136856005701177905001301234942001901247999001701266952018001283952018101463952018101644EG-GICUC20260121101217.0251113s2008 ua ||||fr|||| 00| 0 ara d a20084730 a9789770316030 a EG-GICUCbarac EG-GICUCd EG-GICUCerda0 aara04221a341.851bه ش . د04221 aLaw1 12 341.851 ه ش . د 20080 aهشام خالدeمؤلف.12aالدفع بالإحالة لقيام ذات النزاع أمام قضاء الدولة وقضاء التحكيم في نطاق المنازعات التجارية الدولية :bدراسة مقارنة في الإتفاقات الدولية والنظم القانونية الوطنية الأنجلوسكسونية, اللاتينية, العربية, مع إشارة خاصة للمادة 13 من قانون التحكيم المصري /cهشام خالد. 1aالإسكندرية :bمنشاة المعارف،c2008. a393 ؛ صفحةc24 سم 2rda contentatext 2rda mediaaComputer 2rda carrieraOnline Resource aيحتوي على ارجاعات ببليوجرافية يحتوي على قائمة بالمراجع aالنص أغلبه باللغة العربية بعض النصوص الإنجليزية والفرنسية1 aالتحكيم - قانون دولي40uhttps://fll.law.cu.edu.eg/fulltext/bks/B12-01106.pdf a75eYara 2ddcn0cBKe21 c42990d42990 00102ddc40718القانون الدولي الخاصaCUbLAW1d2025-11-13l0oLaw1 12 341.851 ه ش . د 2008 1201106 C1pB12-01106r2025-11-13 09:22:50t1w2025-11-13yBK 00102ddc40708القانون الدولي الخاصaCUbLAW1d2025-11-17l0oLaw1 12 341.851 ه ش . د 2008 1201470 C2pB12-01470r2025-11-17 16:55:17t2w2025-11-17yBK 00102ddc40718القانون الدولي الخاصaCUbLAW2d2025-11-17l0oLaw2 12 341.851 ه ش . د 2008 1201471 C3pB12-01471r2025-11-17 16:55:48t3w2025-11-17yBK